Statistiche per Comuni della Provincia di Fermo

Clicka qui per fare il quiz!

Statistiche generali

  • Questo quiz è stato fatto 7 volte
  • Il punteggio medio è 20 su 40

Statistiche sulle risposte

Comune% Corretto
Altidona
100%
Fermo
100%
Porto San Giorgio
86%
Porto Sant'Elpidio
86%
Amandola
71%
Pedaso
71%
Sant'Elpidio a Mare
71%
Belmonte Piceno
57%
Campofilone
57%
Lapedona
57%
Massa Fermana
57%
Montefortino
57%
Montegranaro
57%
Monterubbiano
57%
Monte Urano
57%
Ortezzano
57%
Petritoli
57%
Falerone
43%
Francavilla d'Ete
43%
Grottazzolina
43%
Magliano di Tenna
43%
Monsampietro Morico
43%
Montappone
43%
Montegiorgio
43%
Monteleone di Fermo
43%
Montelparo
43%
Monte San Pietrangeli
43%
Monte Vidon Combatte
43%
Monte Vidon Corrado
43%
Servigliano
43%
Montefalcone Appennino
29%
Monte Gilberto
29%
Monte Rinaldo
29%
Montottone
29%
Ponzano di Fermo
29%
Santa Vittoria in Matenano
29%
Smerillo
29%
Torre San Patrizio
29%
Moresco
14%
Rapagnano
14%

Distribuzione punteggi

Percentile per numero di risposta

Percentuale di utenti per punteggio

I tuoi punteggi nel tempo

Non hai fatto questo quiz